Bio-IT world information technology for the life sciences.

Detalles Bibliográficos
Formato: Electrónico Revista
Lenguaje:inglés
Publicado: Framingham, MA : Bio-IT World, an IDG Co., c2002-
Materias:
Acceso en línea:Full text available from Research Library: 09/01/2008 to 01/31/2012

MARC

LEADER 00000nas a2200000 a 4500
001 ssj0046073
003 WaSeSS
005 20200512172242.0
006 m d
007 cr n
008 020126c20029999maumr p s 0 a0eng c
010 |a  2002212215 
022 |l 1538-5728  |y 1538-5728 
035 |a (WaSeSS)ssj0046073 
037 |b Bio-IT World, an IDG Company, P.O. Box 9010, Framingham, MA 01701  |c Free (qualified, controlled)  |c $199.00 (nonqualified USA) 
040 |a NSD  |b eng  |c NSD  |d MYG  |d DLC  |d OCLCQ  |d DLC  |d OCLCQ  |d OCLCO  |d OCLCF  |d WaSeSS 
042 |a pcc  |a nsdp 
050 0 0 |a QH324.2  |b .B53 
082 1 0 |a 600  |2 13 
210 0 |a Bio-IT world 
222 0 |a Bio-IT world 
245 0 0 |a Bio-IT world  |h [electronic resource] :  |b information technology for the life sciences. 
260 |a Framingham, MA :  |b Bio-IT World, an IDG Co.,  |c c2002- 
310 |a Monthly 
362 0 |a Vol. 1, no. 1 (Mar. 2002)- 
500 |a Title from caption. 
506 |a License restrictions may limit access. 
515 |a First issue is also called "Premier issue." 
588 |a Latest issue consulted: Vol. 1, no. 5 (July 2002). 
650 0 |a Life sciences  |x Information technology  |v Periodicals. 
650 0 |a Biology  |x Information technology  |v Periodicals. 
655 0 |a Electronic journals. 
850 |a DLC 
856 4 0 |z Full text available from Research Library: 09/01/2008 to 01/31/2012  |u https://search.proquest.com/publication/42472